| 000 | 00608cam a22001571 4500 | ||
|---|---|---|---|
| 082 | 0 | 0 |
_a943.086 _bMAR _cL-28, P-13 |
| 100 | 1 |
_aMartienssen, Anthony K. _946477 |
|
| 245 | 1 | 0 | _aHitler and his admirals. |
| 260 |
_aLondon, _bSecker and Warburg, _c1948. |
||
| 300 |
_axv, 275 p. _bplates, ports., maps. _c22 cm. |
||
| 500 | _a"[Combines] the evidence given at Nuremberg with the material contained in the Fuehrer conferences on naval affairs." | ||
| 500 | _a"Sources": p. vi. | ||
| 526 |
_a0 _b0 _c0 _d943_086000000000000_MAR |
||
| 650 | 0 |
_aWorld War, 1939-1945 _xNaval operations, German. _946478 |
|
| 942 |
_2ddc _cBK |
||
| 999 |
_c549811 _d549811 |
||